000 00655nam a2200169 i 4500
001 177571
003 ES-MaACL
005 20250806025309.0
008 110404s1883 sp |||| | spa d
245 0 0 _aColección de discursos y poesías leidos en el acto de la inauguración del monumento que se ha de erigir en Badajoz á la memoria de D. José Moreno Nieto.
260 _aFregenal :
_b[s.n.],
_c1883 (
_fImpr. de El Eco)
300 _a41, [4] p. ;
_c20 cm.
500 _aEn anteportada: "A Moreno Nieto el Eco de Fregenal"
600 1 4 _aMoreno Nieto, José,
_d1825-1882
_983416
852 _aES-MaACL
_jT-367-F-6
999 _c177571
_d177571